Tvorba kompetencií v miestnej samospráve

Bibliographic Details
Main Author: Gallová, Iveta (Author)
Format: Article
Language:Slovak
PhysicalDescription:Fotogr.
Subjects:

MARC

LEADER 00000nab a2200000 ar4500
001 vtls009151119
003 SK-MaSNL
005 20260426041234.0
008 071018c2007 xo wr|p|||||||000 b|slo
015 |a SNBRBL2007/10  |2 snkbucl 
038 |a SNKBUCL 
040 |a SNKBUCL  |b slo  |c SNKBUCL  |e AACR2 
041 0 |a slo 
044 |a xo  |c SK 
080 |a 352  |x (437.6)  |2 2001 
080 |a 377  |2 2001 
100 1 |a Gallová, Iveta  |4 aut  |9 303477 
245 1 0 |a Tvorba kompetencií v miestnej samospráve  |c Iveta Gallová 
300 |b Fotogr. 
648 7 |a 2007  |2 snkbucl  |9 313226 
650 0 7 |a miestna správa  |2 snkbucl  |9 29496 
650 0 7 |a pracovníci  |2 snkbucl  |9 385397 
650 0 7 |a vzdelávanie  |2 snkbucl  |9 4033 
773 0 |t Obecné noviny  |g Roč. XVII, č. 41 (2007), s. 5 
852 |a SNK  |b KIS3GCP 
999 |c 1744937  |d 1746867